| 000 | 00667nam a22002057a 4500 | ||
|---|---|---|---|
| 003 | OSt | ||
| 008 | 260622b |||||||| |||| 00| 0 eng d | ||
| 020 | _a9789388020220 | ||
| 082 |
_a305.42 _bL11R |
||
| 100 | _aL, Niketha | ||
| 245 | _aRural Sector: A View Through Gender Lens/ by Niketha L, Letha Devi G, Adhiguru P | ||
| 260 |
_aDelhi : _bSatish Serial Publishing House, _c2019. |
||
| 300 | _aix, 201 p. | ||
| 650 | _aSocial Sciences | ||
| 650 | _aSocial groups (Sociology of specific groups) | ||
| 650 | _aSocial position and status of women (Gender relations / Gender lens) | ||
| 700 | _aG, Letha Devi , | ||
| 700 | _aP, Adhiguru | ||
| 942 |
_2ddc _cBK |
||
| 999 |
_c52194 _d52194 |
||